| 000 | 00813nam a2200205Ia 4500 | ||
|---|---|---|---|
| 001 | 11490 | ||
| 003 | GE_BSU | ||
| 008 | 181216s||||||||xx |||||||||||||| ||und|| | ||
| 040 | _cGE_BSU | ||
| 100 | _aბერძენიშვილი,ლ; ბედიაშვილი,ს; შარაშენიძე,დ. და სხვ. | ||
| 245 | _aმებაღის ცნობარი | ||
| 245 | _cშემდგ:დ.შარაშენიძე; საზოგ.რედ:პ.კაჭარავა; მხატვ:თ.გიგაური. | ||
| 260 | _aთბილისი | ||
| 260 | _bსაბჭოთა საქართველო | ||
| 260 | _c1965 | ||
| 300 | _a129გვ;20სმ. | ||
| 300 | _bცხრ. | ||
| 653 | _aმებაღის ცნობარი | ||
| 942 | _cBK | ||
| 999 |
_c44686 _d44686 |
||